Pulse Doppler radar : (Record no. 534543)
[ view plain ]
| 000 -LEADER | |
|---|---|
| fixed length control field | 01512cam a22003977i 4500 |
| 001 - CONTROL NUMBER | |
| control field | 18264174 |
| 003 - CONTROL NUMBER IDENTIFIER | |
| control field | NUST |
| 005 - DATE AND TIME OF LATEST TRANSACTION | |
| control field | 20200302120015.0 |
| 008 - FIXED-LENGTH DATA ELEMENTS--GENERAL INFORMATION | |
| fixed length control field | 140812t20122012njua b 001 0 eng d |
| 010 ## - LIBRARY OF CONGRESS CONTROL NUMBER | |
| LC control number | 2014412925 |
| 016 7# - NATIONAL BIBLIOGRAPHIC AGENCY CONTROL NUMBER | |
| Record control number | 016220733 |
| Source | Uk |
| 020 ## - INTERNATIONAL STANDARD BOOK NUMBER | |
| International Standard Book Number | 9781891121982 |
| 020 ## - INTERNATIONAL STANDARD BOOK NUMBER | |
| International Standard Book Number | 1891121987 |
| 035 ## - SYSTEM CONTROL NUMBER | |
| System control number | (OCoLC)ocn781677209 |
| 038 ## - RECORD CONTENT LICENSOR | |
| Staff Name | waseem |
| 040 ## - CATALOGING SOURCE | |
| Original cataloging agency | BTCTA |
| Language of cataloging | eng |
| Transcribing agency | BTCTA |
| Modifying agency | YDXCP |
| -- | BWX |
| -- | UAT |
| -- | TXA |
| -- | MUU |
| -- | UKMGB |
| -- | VRC |
| -- | OCLCF |
| -- | OCLCQ |
| -- | DLC |
| Description conventions | rda |
| 042 ## - AUTHENTICATION CODE | |
| Authentication code | lccopycat |
| 050 00 - LIBRARY OF CONGRESS CALL NUMBER | |
| Classification number | TK6592.D6 |
| Item number | A43 2012 |
| 082 ## - DEWEY DECIMAL CLASSIFICATION NUMBER | |
| Classification number | 621.3848 |
| Author Mark | ALA |
| 100 1# - MAIN ENTRY--PERSONAL NAME | |
| Personal name | Alabaster, Clive. |
| 9 (RLIN) | 28745 |
| 245 10 - TITLE STATEMENT | |
| Title | Pulse Doppler radar : |
| Remainder of title | principles, technology, applications / |
| Statement of responsibility, etc. | by Clive Alabaster. |
| 264 #1 - PRODUCTION, PUBLICATION, DISTRIBUTION, MANUFACTURE, AND COPYRIGHT NOTICE | |
| Place of production, publication, distribution, manufacture | Edison, NJ : |
| Name of producer, publisher, distributor, manufacturer | SciTech Publishing, |
| Date of production, publication, distribution, manufacture, or copyright notice | 2012. |
| 264 #4 - PRODUCTION, PUBLICATION, DISTRIBUTION, MANUFACTURE, AND COPYRIGHT NOTICE | |
| Date of production, publication, distribution, manufacture, or copyright notice | ©2012 |
| 300 ## - PHYSICAL DESCRIPTION | |
| Extent | xiv, 411 pages : |
| Other physical details | illustrations (some color) ; |
| Dimensions | 27 cm |
| 336 ## - CONTENT TYPE | |
| Content type term | text |
| Content type code | txt |
| Source | rdacontent |
| 337 ## - MEDIA TYPE | |
| Media type term | unmediated |
| Media type code | n |
| Source | rdamedia |
| 338 ## - CARRIER TYPE | |
| Carrier type term | volume |
| Carrier type code | nc |
| Source | rdacarrier |
| 500 ## - GENERAL NOTE | |
| General note | Coloured illustrations on endpapers. |
| 504 ## - BIBLIOGRAPHY, ETC. NOTE | |
| Bibliography, etc. note | Includes bibliographical references (page 396) and index. |
| 505 0# - FORMATTED CONTENTS NOTE | |
| Formatted contents note | pt. I. Basic concepts -- pt. IIA. High pulse repetition frequency pulse doppler radar -- pt. IIB. Medium pulse repetition frequency pulse doppler radar -- pt. III. Case studies. |
| 650 #0 - SUBJECT ADDED ENTRY--TOPICAL TERM | |
| Topical term or geographic name entry element | Doppler radar. |
| 9 (RLIN) | 28746 |
| 650 #0 - SUBJECT ADDED ENTRY--TOPICAL TERM | |
| Topical term or geographic name entry element | Pulse techniques (Electronics) |
| 9 (RLIN) | 28747 |
| 906 ## - LOCAL DATA ELEMENT F, LDF (RLIN) | |
| a | 7 |
| b | cbc |
| c | copycat |
| d | 3 |
| e | ncip |
| f | 20 |
| g | y-gencatlg |
| 942 ## - ADDED ENTRY ELEMENTS (KOHA) | |
| Source of classification or shelving scheme | |
| Koha item type | Book |
| Withdrawn status | Lost status | Source of classification or shelving scheme | Damaged status | Not for loan | Permanent Location | Current Location | Date acquired | Source of acquisition | Total Checkouts | Total Renewals | Full call number | Barcode | Checked out | Date last seen | Date last checked out | Price effective from | Koha item type |
|---|---|---|---|---|---|---|---|---|---|---|---|---|---|---|---|---|---|
| Central Library (CL) | Central Library (CL) | 03/02/2020 | Allied Book Company | 2 | 1 | 621.3848 ALA | CL-252 | 11/01/2024 | 07/04/2024 | 07/04/2024 | 03/02/2020 | Book |
